000 01268nab a2200277 i 4500
001 193776
003 ES-MaACL
005 20250811063211.0
008 240220q1933 sp ||||| |||| 00| 0 spa d
040 _aES-MaACL
_bspa
_cES-MaACL
245 0 0 _aExposición de pintura en el Ateneo :
_ben el Ateneo de Madrid ha sido inaugurada una notable exposición de las obras del pintor M. Pinde, presidió el acto D. Miguel de Unamuno /
_cfoto, Díaz Casariego
260 _a[Madrid :
_bBlanco y Negro,
_c1933]
300 _a1 página :
_b1 ilustración ;
_c30 cm
336 _2rdacontent
_atexto
337 _2rdamedia
_asin mediación
338 _2rdacarrier
_avolumen
500 _aFotocopia de la página con la fotografía de José Díaz Casariego "Exposición de pintura en el Ateneo", con el pintor M. Pinde, Miguel de Unamuno y otros personajes, publicada en "Blanco y negro", en 1933
600 1 4 _aPinde, M.
_c(pintor)
_9235180
600 1 4 _aUnamuno, Miguel de,
_d1864-1936
_9111982
610 2 7 _aAteneo de Madrid-
_vExposiciones-
_y1930-1939
_9139241
700 1 _9235164
_aDíaz Casariego, José,
_d1896-1967
_epht
852 4 _aES-MaACL
_cDEPOF
_j2347-F-91
_9201336
942 _2udc
_cANAB
_n0
999 _c193776
_d193776